| 000 | 00372nam a2200157Ia 4500 | ||
|---|---|---|---|
| 008 | 230312s9999||||xx |||||||||||||| ||und|| | ||
| 020 | _a969-8373-01-2 | ||
| 082 |
_a297 _bIQB-Q |
||
| 100 | _aIqbal;S,Hussain | ||
| 245 | 0 | _aQuran and Modernism | |
| 260 |
_bAdabistan _aPakistan _c2000 |
||
| 300 | _a473 | ||
| 546 | _aEng. | ||
| 650 |
_aLiterature _vComparison |
||
| 942 | _cBK | ||
| 999 |
_c8348 _d8348 |
||